Shavot ha-sirot ʻim ʻerev : (Record no. 33042)

MARC details
000 -LEADER
fixed length control field 00568cam a22002171 4500
001 - CONTROL NUMBER
control field he 68000706
003 - CONTROL NUMBER IDENTIFIER
control field DLC
005 - DATE AND TIME OF LATEST TRANSACTION
control field 20260227111455.0
008 - FIXED-LENGTH DATA ELEMENTS--GENERAL INFORMATION
fixed length control field 840321s1966 is 000 0 heb
010 ## - LIBRARY OF CONGRESS CONTROL NUMBER
LC control number he 68000706
035 ## - SYSTEM CONTROL NUMBER
System control number (OCoLC)19158144
040 ## - CATALOGING SOURCE
Original cataloging agency DLC
Transcribing agency MH
Modifying agency CU
-- DLC
042 ## - AUTHENTICATION CODE
Authentication code premarc
050 00 - LIBRARY OF CONGRESS CALL NUMBER
Classification number PJ5054.M326
Item number S5
100 1# - MAIN ENTRY--PERSONAL NAME
Personal name Martan, Avraham.
245 10 - TITLE STATEMENT
Title Shavot ha-sirot ʻim ʻerev :
Remainder of title shirim.
260 ## - PUBLICATION, DISTRIBUTION, ETC.
Place of publication, distribution, etc. [Tel-Aviv] :
Name of publisher, distributor, etc. Maḥbarot le-sifrut,
Date of publication, distribution, etc. [1966]
300 ## - PHYSICAL DESCRIPTION
Extent 51 p. ;
Dimensions 21 cm.
500 ## - GENERAL NOTE
General note Vocalized.
752 ## - ADDED ENTRY--HIERARCHICAL PLACE NAME
Country or larger entity Israel
City Tel Aviv

No items available.

Powered by Koha